| 000 | 00513nam a2200193 a 4500 | ||
|---|---|---|---|
| 001 | 2830 | ||
| 005 | 20180713182804.0 | ||
| 008 | 140415s1969 cl 000 0 spa d | ||
| 041 | _aspa | ||
| 082 |
_a808.883 _bBLO |
||
| 100 | 1 | _aBLOY, LEON | |
| 245 | 1 | 3 |
_aLA PUERTA DE LOS HUMILDES : _bDIARIO DEL AUTOR 1915-1917 |
| 250 | _a2a ed. | ||
| 260 |
_aCHILE : _bDIFUSION, _c1969 |
||
| 300 | _a251 | ||
| 490 |
_aDIFUSION _v11 |
||
| 650 | 1 | 4 |
_aBLOY, LEON _xAUTOBIOGRAFIA |
| 700 | 1 |
_aMAZZANTI, JOSE _etr. |
|
| 999 |
_c2830 _d2830 |
||